000 00274nam a2200121Ia 4500
100 _aJOSHI VASANT/S
942 _cBK
366 _f50
245 _aMADRASCHI MARATHI HASTALIKHITE
260 _bRAJYA MARATHI VIKAS SANSTHA
_aMumbai
_c1996
300 _a208
546 _aMARATHI
999 _c21616
_d21616